000
00307nam a22001337a 4500
008
181029b xxu||||| |||| 00| 0 eng d
020
_a
9780873529754
041
_a
eng
080
_2
5 ED
_a
370
100
_a
47
101
_a
EDU
245
_a
Mla Hadbook Of Research Papers
_c
Jose.G
942
_2
udc
_c
BK
999
_c
50970
_d
50970